000
00323nam a22001457a 4500
008
221208b ||||| |||| 00| 0 eng d
020
_a
9780077602789
041
_a
eng
080
_a
330.722
082
_a
330.722GAR
100
_a
23.2
101
_a
MENA
245
_a
MANAGERIAL ACCOUNTING
_c
GARRISON
942
_2
udc
_c
BK
999
_c
59142
_d
59142